Fußball: Alle deutschen U21-Europameister - Statistiken

Allgemein
  • Dieses Quiz wurde 149 mal gespielt
  • Das Durchschnittsergebnis liegt bei 18 aus 74
Antwortstatistiken
Jahr # Antwort % Korrekt
2009 1 Manuel Neuer
87%
2009 15 Mats Hummels
76%
2009 5 Jerome Boateng
74%
2009 10 Mesut Özil
67%
2009 4 Benedikt Höwedes
59%
2009 8 Sami Khedira
58%
2021 FR 7 FR Florian Wirtz
54%
2021 FR 18 FR Karim Adeyemi
44%
2021 4 Nico Schlotterbeck
44%
2021 10 Lukas Nmecha
43%
2009 13 Sandro Wagner
42%
2017 11 Serge Gnabry
41%
2017 12 Julian Pollersbeck
38%
2021 3 David Raum
37%
2021 VR 7 VR Youssoufa Moukoko
37%
2021 6 Niklas Dorsch
35%
2021 FR 19 FR Lars Lukas Mai
32%
2021 21 Ridle Baku
32%
2021 12 Finn Dahmen
31%
2009 21 Marcel Schmelzer
31%
2021 17 Anton Stach
30%
2021 8 Arne Maier
29%
2021 2 Josha Vagnoman
29%
2017 7 Max Meyer
28%
2017 9 Davie Selke
27%
2017 17 Mitchell Weiser
26%
2021 5 Amos Pieper
25%
2021 11 Mergim Berisha
25%
2009 2 Andreas Beck
22%
2009 6 Dennis Aogo
22%
2021 9 Jonathan Burkardt
22%
2017 5 Niklas Stark
21%
2009 12 Florian Fromlowitz
20%
2021 23 Lennart Grill
20%
2009 16 Daniel Schwaab
19%
2009 20 Gonzalo Castro
19%
2021 1 Markus Schubert
19%
2017 10 Maximilian Arnold
19%
2009 11 Marko Marin
18%
2021 13 Salih Özcan
18%
2017 16 Thilo Kehrer
18%
2017 6 Gideon Jung
16%
2017 18 Nadiem Amiri
16%
2017 20 Levin Öztunali
15%
2017 8 Mahmoud Dahoud
15%
2021 VR 16 VR Malick Thiaw
15%
2009 14 Fabian Johnson
14%
2017 13 Felix Platte
14%
2017 15 Marc Oliver Kempf
14%
2017 23 Odisseas Vlachodimos
14%
2009 7 Patrick Ebert
14%
2009 3 Sebastian Boenisch
14%
2017 1 Marvin Schwäbe
13%
2021 VR 14 VR Stephan Ambrosius
13%
2017 3 Yannick Gerhardt
13%
2009 19 Änis Ben-Hatira
12%
2009 9 Ashkan Dejagah
12%
2017 2 Jeremy Toljan
12%
2017 22 Maximilian Philipp
12%
2021 VR 19 VR Maxim Leitsch
12%
2009 23 Tobias Sippel
12%
2017 4 Waldemar Anton
12%
2021 15 Ismail Jakobs
10%
2021 22 Mateo Klimowicz
10%
2021 20 Vitaly Janelt
10%
2017 21 Dominik Kohr
9%
2017 19 Janik Haberer
9%
2021 FR 14 FR Paul Jaeckel
9%
2009 18 Daniel Adlung
8%
2009 17 Daniel Grote
8%
2017 14 Lukas Klünter
7%
2009 22 Chinedu Ede
6%
2021 VR 18 VR Florian Krüger
6%
2021 FR 16 FR Shinta Appelkamp
6%
Keine übereinstimmenden Quizze gefunden
Verteilung der Resultate
Anzahl Personen mit jedem Resultat
Perzentil nach korrekt beantworteten Fragen
Ihre Resultats-Entwicklung
Sie haben dieses Quiz noch nicht gespielt